000 01025nam a2200265 i 4500
001 52045
003 ES-MaACL
005 20230906162510.0
007 t|
008 030825s1970 xxu b ||||1| eng d
080 _a016:821.134.2
080 _a016:821.134.3
100 1 _aChatham, James R.
_938190
245 1 0 _aDissertations in Hispanic languages and literatures :
_ban index of dissertations completed in the United States and Canada.
_nI,
_p1876-1966 /
_cJames R. Chatham & Enrique Ruiz-Fornells.
260 _a[Lexington] :
_bUniversity Press of Kentucky,
_c[1970]
300 _a1 v. (XIV, 120 p.) ;
_c29 cm.
650 4 _aLiteratura española-
_vBibliografías.
_914554
650 4 _aLiteratura hispanoamericana-
_vBibliografías.
_9156211
650 4 _aLiteratura portuguesa-
_vBibliografías.
_9136432
650 4 _aLengua española-
_vBibliografías.
_9163213
650 4 _aLengua portuguesa.
_914312
700 1 _aRuiz-Fornells, Enrique.
_9100801
852 4 _aES-MaACL
_jC-54195
852 4 _aES-MaACL
_jL-2720
999 _c52045
_d52045